000 00464nam a2200193Ia 4500
003 GCL
008 140319s9999 xx 000 0 eng d
040 _aGCL /
_cGCL
082 0 4 _aCC
_b962
_bB E
100 1 _aBOHM, DAVID
245 1 0 _aEGYPT /
_cBOHM, DAVID
700 1 _aBOHM, DOROTHY
260 _a[S.N] :
_bTHAMES AND HUDSON ،
_c1989
300 _a112 P
650 0 4 _aEGYPT, PHOTOGRAPHS
650 0 4 _aEGYPT
650 0 4 _aEGYPTIAN LIFE
942 _2ddc
_cBK
999 _c12171
_d12171